Sketches: (Record no. 15571)

MARC details
000 -LEADER
fixed length control field 00806nam a22002297a 4500
005 - DATE AND TIME OF LATEST TRANSACTION
control field 20080923102150.0
008 - FIXED-LENGTH DATA ELEMENTS--GENERAL INFORMATION
fixed length control field 080923t xxu||||| |||| 00| 0 eng d
010 ## - LCCN (DPL NO)
LC control number ENG-91021
020 ## - INTERNATIONAL STANDARD BOOK NUMBER
International Standard Book Number 8175101539
Terms of availability 125.00
035 ## - SYSTEM CONTROL NUMBER
System control number EN-74554
037 ## - SOURCE OF ACQUISITION
Source of stock number/acquisition DBAD / PUB
040 ## - CATALOGING SOURCE
Original cataloging agency dpl
Language of cataloging English
082 ## - DEWEY DECIMAL CLASSIFICATION NUMBER
Classification number 881
100 ## - MAIN ENTRY--PERSONAL NAME
Personal name Jayanthi Manoj
245 ## - TITLE STATEMENT
Title Sketches:
Remainder of title from the pages of my diary (poems) /
Statement of responsibility, etc by Jayanthi Manoj
260 ## - PUBLICATION, DISTRIBUTION, ETC. (IMPRINT)
Place of publication, distribution, etc New Delhi
Name of publisher, distributor, etc Reliance Publishing House
Date of publication, distribution, etc 2008
270 ## - ADDRESS
Address 3026/7H, South Palel Nagar,
City New Delhi
Postal code 110008
300 ## - PHYSICAL DESCRIPTION
Extent xiv, 66p.
Dimensions 22 cm (Hb)
650 ## - SUBJECT ADDED ENTRY--TOPICAL TERM
Topical term or geographic name as entry element English poetry
942 ## - ADDED ENTRY ELEMENTS (KOHA)
Source of classification or shelving scheme Dewey Decimal Classification
Item type English Books
Call number suffix JAY
Classification part 881
Holdings
Withdrawn status Lost status Source of classification or shelving scheme Damaged status Not for loan Collection code Home library Current library Date acquired Source of acquisition Cost, normal purchase price Total Checkouts Full call number Barcode Date last seen Copy number Cost, replacement price Koha item type
    Dewey Decimal Classification   Not For Loan Non-fiction D.B.Act.Division D.B.Act.Division 23/09/2008 DBAD / PUB 125.00   881 JAY EN-74554 23/09/2008 1 125.00 English Books

© Delhi Public Library
Hit Counter
free hit counter